[Event "Gibtelecom ChallWk2 5th"]
[Site "Gibraltar"]
[Date "2007.01.31"]
[Round "4.3"]
[White "Norman, Kenneth I"]
[Black "Daoudi, Kamal"]
[Result "0-1"]
[WhiteElo "2151"]
[BlackElo "2129"]
[PlyCount "40"]
[EventDate "2007.01.28"]
[EventType "swiss"]
[EventRounds "5"]
[EventCountry "GGB"]
[SourceTitle "BritBase"]
[Source "www.saund.co.uk"]
[SourceDate "2018.02.10"]
[SourceVersion "1"]
[SourceVersionDate "2018.02.10"]
[SourceQuality "1"]

1. Nf3 Nf6 2. c4 e6 3. g3 d5 4. Bg2 Be7 5. O-O O-O 6. d4 dxc4 7. Ne5 Nc6 8.
Nxc6 bxc6 9. Na3 Bxa3 10. bxa3 Nd5 11. Qa4 Nc3 12. Qxc4 Qxd4 13. Qb3 Nxe2+ 14.
Kh1 Nxc1 15. Raxc1 Ba6 16. Rfd1 Qxf2 17. Rc2 Qf5 18. Rxc6 Rab8 19. Qc3 Rfd8 20.
Rc1 Rb1 0-1

[Event "Gibtelecom ChallWk2 5th"]
[Site "Gibraltar"]
[Date "2007.01.31"]
[Round "4.5"]
[White "Hickman, John E"]
[Black "Osuna Vega, Enrique"]
[Result "0-1"]
[WhiteElo "2052"]
[BlackElo "2177"]
[PlyCount "106"]
[EventDate "2007.01.28"]
[EventType "swiss"]
[EventRounds "5"]
[EventCountry "GGB"]
[SourceTitle "BritBase"]
[Source "www.saund.co.uk"]
[SourceDate "2018.02.10"]
[SourceVersion "1"]
[SourceVersionDate "2018.02.10"]
[SourceQuality "1"]

1. e4 e6 2. d3 d5 3. Nd2 Nf6 4. Ngf3 Nc6 5. c3 dxe4 6. dxe4 e5 7. Bb5 Bd6 8.
Qe2 Bd7 9. Nf1 a6 10. Bd3 O-O 11. Bg5 Be7 12. Ng3 Be6 13. Nf5 Bxf5 14. exf5 e4
15. Bxf6 exd3 16. Bxe7 Re8 17. Bxd8 Rxe2+ 18. Kf1 Rxd8 19. b3 Rc2 20. Nd4 Nxd4
21. cxd4 Rxd4 22. g3 Rc5 23. Kg2 Rxf5 24. Rhe1 Kf8 25. Rad1 c5 26. Re3 Rfd5 27.
Kf1 b5 28. Ke1 d2+ 29. Ke2 g5 30. h3 Kg7 31. Re7 Rd6 32. Rc7 R4d5 33. a4 Re5+
34. Kf1 Kf6 35. axb5 axb5 36. Rb7 b4 37. Rc7 Rd3 38. Rc6+ Kg7 39. Rc7 Red5 40.
Ke2 Rxb3 41. Rxd2 Rxd2+ 42. Kxd2 Rc3 43. Rc6 h6 44. h4 Rc4 45. hxg5 hxg5 46.
Kd3 Rd4+ 47. Kc2 c4 48. Rb6 c3 49. Rc6 Rd2+ 50. Kb3 Rb2+ 51. Kc4 c2 52. Kd3 b3
53. Kd2 Rb1 0-1

[Event "Gibtelecom ChallWk2 5th"]
[Site "Gibraltar"]
[Date "2007.01.31"]
[Round "4.5"]
[White "Kvisla, Johannes Luangtep"]
[Black "Jameson, David"]
[Result "1-0"]
[WhiteElo "2134"]
[BlackElo "1972"]
[PlyCount "131"]
[EventDate "2007.01.28"]
[EventType "swiss"]
[EventRounds "5"]
[EventCountry "GGB"]
[SourceTitle "BritBase"]
[Source "www.saund.co.uk"]
[SourceDate "2018.02.10"]
[SourceVersion "1"]
[SourceVersionDate "2018.02.10"]
[SourceQuality "1"]

1. Nf3 d5 2. d4 c5 3. c4 e6 4. g3 Nf6 5. Bg2 dxc4 6. Qa4+ Bd7 7. Qxc4 Nc6 8.
O-O cxd4 9. Rd1 Rc8 10. Nxd4 Qb6 11. Nxc6 Bxc6 12. Nc3 Bc5 13. e3 Bxg2 14. Kxg2
O-O 15. Qb5 Rfd8 16. Qxb6 Bxb6 17. Bd2 Rd7 18. Be1 Rcd8 19. Rxd7 Rxd7 20. Kf3
g5 21. h3 h5 22. g4 hxg4+ 23. hxg4 Bc7 24. Ne4 Be5 25. Nxg5 Bxb2 26. Rb1 Be5
27. Ne4 b6 28. Rc1 Kg7 29. Rc8 a5 30. g5 Nd5 31. Ke2 Rc7 32. Rxc7 Bxc7 33. Kd3
Kg6 34. f4 Kf5 35. a3 e5 36. Nd2 Kg4 37. fxe5 Kxg5 38. Nc4 f5 39. Kd4 Ne7 40.
Nd6 f4 41. exf4+ Kxf4 42. Bd2+ Kg4 43. Ke4 Kh5 44. Nf5 Bd8 45. Ng7+ Kg6 46. Ne6
Nc6 47. Nxd8 Nxd8 48. Be3 b5 49. Bb6 Nb7 50. Kd5 b4 51. a4 Kf7 52. Bd4 Nd8 53.
Bb2 Ke7 54. Kc5 Kd7 55. Kb5 Kc7 56. Kxa5 Nc6+ 57. Ka6 b3 58. a5 Nb4+ 59. Kb5
Nd3 60. e6 Nxb2 61. e7 Kd7 62. a6 Nd1 63. a7 Kxe7 64. a8=Q b2 65. Qe4+ Kf8 66.
Qf3+ 1-0

[Event "Gibtelecom ChallWk2 5th"]
[Site "Gibraltar"]
[Date "2007.01.31"]
[Round "4.7"]
[White "Nemcova, Katerina"]
[Black "Schmidt, Raul"]
[Result "1-0"]
[WhiteElo "2147"]
[BlackElo "1979"]
[PlyCount "53"]
[EventDate "2007.01.28"]
[EventType "swiss"]
[EventRounds "5"]
[EventCountry "GGB"]
[SourceTitle "BritBase"]
[Source "www.saund.co.uk"]
[SourceDate "2018.02.10"]
[SourceVersion "1"]
[SourceVersionDate "2018.02.10"]
[SourceQuality "1"]

1. e4 d5 2. exd5 Qxd5 3. Nc3 Qd6 4. d4 c6 5. h3 Nf6 6. Nf3 Bf5 7. Bc4 Nbd7 8.
O-O h6 9. Bb3 e6 10. Ne2 Qc7 11. c4 O-O-O 12. a4 e5 13. Bc2 Be6 14. b3 g5 15.
Qe1 g4 16. hxg4 Bxg4 17. Nxe5 Nxe5 18. dxe5 Qxe5 19. Be3 Bd6 20. Ng3 h5 21. f4
Qb2 22. Qf2 Be6 23. Bd4 Ng4 24. Bxb2 Nxf2 25. Bxh8 Bc5 26. Rxf2 Rd2 27. Ne4 1-0

[Event "Gibtelecom ChallWk2 5th"]
[Site "Gibraltar"]
[Date "2007.01.31"]
[Round "4.8"]
[White "Nyland, Thomas"]
[Black "Galliano, Alex"]
[Result "1-0"]
[WhiteElo "2124"]
[BlackElo "1300"]
[PlyCount "107"]
[EventDate "2007.01.28"]
[EventType "swiss"]
[EventRounds "5"]
[EventCountry "GGB"]
[SourceTitle "BritBase"]
[Source "www.saund.co.uk"]
[SourceDate "2018.02.10"]
[SourceVersion "1"]
[SourceVersionDate "2018.02.10"]
[SourceQuality "1"]

1. d4 Nf6 2. c4 g6 3. Nc3 Bg7 4. e4 d6 5. Nf3 O-O 6. Be2 e5 7. dxe5 dxe5 8.
Qxd8 Rxd8 9. Bg5 Re8 10. Nd5 Nxd5 11. cxd5 c6 12. Bc4 cxd5 13. Bxd5 Nd7 14. Nd2
Nc5 15. O-O-O Nd3+ 16. Kb1 Nf4 17. Bxf4 exf4 18. Nc4 Be6 19. Nd6 Bxd5 20. Rxd5
Re5 21. Rc1 Rxd5 22. exd5 Be5 23. Nc4 Bd4 24. f3 Rd8 25. d6 b6 26. Rd1 Bg7 27.
a4 Rd7 28. Kc2 Bf8 29. Rd4 g5 30. Kd3 Kg7 31. Ke4 f6 32. Kd5 Kf7 33. Kc6 Ke8
34. b4 Kd8 35. a5 bxa5 36. Nxa5 Kc8 37. Nb7 Rxb7 38. d7+ Rxd7 39. Rxd7 Bxb4 40.
Rxa7 Kd8 41. Rxh7 Ke8 42. Kd5 Kf8 43. Ke6 Bc3 44. Rf7+ Kg8 45. Rxf6 Kg7 46.
Rf7+ Kg6 47. Rf8 Kg7 48. Rc8 Bb2 49. Kf5 Kh6 50. Rc6+ Kh5 51. Rg6 Bc1 52. Rxg5+
Kh4 53. Rg4+ Kh5 54. Rxf4 1-0

[Event "Gibtelecom ChallWk2 5th"]
[Site "Gibraltar"]
[Date "2007.01.31"]
[Round "4.9"]
[White "Murray, J Stephen"]
[Black "Urbina Perez, Juan Antonio"]
[Result "0-1"]
[WhiteElo "2010"]
[BlackElo "2114"]
[PlyCount "92"]
[EventDate "2007.01.28"]
[EventType "swiss"]
[EventRounds "5"]
[EventCountry "GGB"]
[SourceTitle "BritBase"]
[Source "www.saund.co.uk"]
[SourceDate "2018.02.10"]
[SourceVersion "1"]
[SourceVersionDate "2018.02.10"]
[SourceQuality "1"]

1. e4 c5 2. Nf3 d6 3. Bb5+ Bd7 4. Bxd7+ Qxd7 5. O-O Nc6 6. Re1 g6 7. c3 Bg7 8.
d4 b6 9. Bf4 e5 10. dxe5 dxe5 11. Qxd7+ Kxd7 12. Bg3 f6 13. Nbd2 Nge7 14. Rad1
Rhd8 15. Nc4+ Ke6 16. Nfd2 Bh6 17. Nf1 Rxd1 18. Rxd1 Rd8 19. Rxd8 Nxd8 20. Nce3
Ndc6 21. f3 f5 22. Nd1 Nc8 23. exf5+ gxf5 24. Kf2 Nd6 25. Ke2 a5 26. Bf2 a4 27.
Be3 f4 28. Bf2 Nc4 29. Nd2 Nxd2 30. Kxd2 e4 31. fxe4 f3+ 32. Ke1 fxg2 33. Bg1
Ke5 34. Kf2 Kxe4 35. Kxg2 Kd3 36. Kf1 Kc2 37. Ke2 Ne5 38. Bf2 Nd3 39. Be3 Nxb2
40. Nxb2 Kxb2 41. Bxh6 Kxa2 42. Kd3 Kb1 43. c4 a3 44. Ke4 a2 45. Bg7 a1=Q 46.
Bxa1 Kxa1 0-1

[Event "Gibtelecom ChallWk2 5th"]
[Site "Gibraltar"]
[Date "2007.01.31"]
[Round "4.10"]
[White "Dekker, Alain"]
[Black "Helin, Mikael"]
[Result "0-1"]
[WhiteElo "2144"]
[BlackElo "1951"]
[PlyCount "62"]
[EventDate "2007.01.28"]
[EventType "swiss"]
[EventRounds "5"]
[EventCountry "GGB"]
[SourceTitle "BritBase"]
[Source "www.saund.co.uk"]
[SourceDate "2018.02.10"]
[SourceVersion "1"]
[SourceVersionDate "2018.02.10"]
[SourceQuality "1"]

1. e4 c5 2. Nf3 a6 3. d4 cxd4 4. Nxd4 e6 5. Bd3 Nf6 6. c4 Qc7 7. O-O h5 8. h3
Bc5 9. Ne2 Bd6 10. g3 Nc6 11. Nbc3 Ne5 12. f4 Nxc4 13. Bxc4 Bc5+ 14. Kg2 b5 15.
Bd3 Bb7 16. Qe1 d5 17. exd5 b4 18. Ne4 Bxd5 19. Kh2 Ng4+ 20. hxg4 hxg4+ 21. Kg2
Qc6 22. Ng1 f5 23. Rf2 fxe4 24. Be3 exd3+ 25. Kf1 Bf3 26. Nxf3 gxf3 27. Kg1 Rh3
28. Rc1 Kf7 29. Rxc5 Rah8 30. Rh2 Rxh2 31. Rxc6 Rg2+ 0-1

[Event "Gibtelecom ChallWk2 5th"]
[Site "Gibraltar"]
[Date "2007.01.31"]
[Round "4.12"]
[White "Hamer, Martyn"]
[Black "Vinas Guerrero, Carlos A"]
[Result "1-0"]
[WhiteElo "1987"]
[BlackElo "2124"]
[PlyCount "83"]
[EventDate "2007.01.28"]
[EventType "swiss"]
[EventRounds "5"]
[EventCountry "GGB"]
[SourceTitle "BritBase"]
[Source "www.saund.co.uk"]
[SourceDate "2018.02.10"]
[SourceVersion "1"]
[SourceVersionDate "2018.02.10"]
[SourceQuality "1"]

1. e4 c5 2. Nf3 d6 3. d4 cxd4 4. Nxd4 Nf6 5. Nc3 a6 6. g4 Bxg4 7. f3 Bd7 8. Be3
e5 9. Nb3 Bc6 10. Qd2 Nbd7 11. O-O-O b5 12. Bg2 a5 13. Kb1 a4 14. Nc1 Rb8 15.
Nd5 Bxd5 16. exd5 Nb6 17. Bg5 Be7 18. f4 O-O 19. Qd3 Nbd7 20. h4 h6 21. Rdg1
Kh8 22. Ne2 Ne8 23. Ng3 Nc5 24. Qe2 Bf6 25. Nf5 g6 26. Nxh6 exf4 27. Ng4 Bxg5
28. hxg5+ Kg7 29. Qf2 Qxg5 30. Qd4+ f6 31. Bf3 Rb7 32. Rg2 Rh8 33. Rhg1 Re7 34.
Nxf6 Qe5 35. Nxe8+ Rhxe8 36. Rxg6+ Kh7 37. R6g2 Kh8 38. Qd2 Rh7 39. Rg5 Qf6 40.
Bh5 Qf8 41. Bxe8 Qxe8 42. Rg8+ 1-0

[Event "Gibtelecom ChallWk2 5th"]
[Site "Gibraltar"]
[Date "2007.01.31"]
[Round "4.13"]
[White "Yarur Elsaca, Daniel"]
[Black "Benaddi, Mouhcine"]
[Result "0-1"]
[WhiteElo "1913"]
[BlackElo "2084"]
[PlyCount "64"]
[EventDate "2007.01.28"]
[EventType "swiss"]
[EventRounds "5"]
[EventCountry "GGB"]
[SourceTitle "BritBase"]
[Source "www.saund.co.uk"]
[SourceDate "2018.02.10"]
[SourceVersion "1"]
[SourceVersionDate "2018.02.10"]
[SourceQuality "1"]

1. d4 d5 2. Nf3 Nf6 3. Bg5 Ne4 4. Bf4 c5 5. e3 e6 6. Nbd2 Qb6 7. Rb1 Nc6 8. c3
Nxd2 9. Qxd2 Be7 10. Bd3 O-O 11. O-O Bf6 12. Bd6 Be7 13. dxc5 Qa5 14. Bxe7 Nxe7
15. b4 Qc7 16. Qc2 h6 17. Nd4 b6 18. f4 bxc5 19. bxc5 Qxc5 20. Rf3 Bd7 21. Rb7
Rfd8 22. Qb2 Rac8 23. Ne2 Bc6 24. Rb4 Qd6 25. Nd4 Rb8 26. Rg3 a5 27. Nxc6 Nxc6
28. c4 d4 29. Rxb8 Rxb8 30. Qa1 e5 31. f5 dxe3 32. Qe1 Qxd3 {remaining moves
unintelligible} 0-1

[Event "Gibtelecom ChallWk2 5th"]
[Site "Gibraltar"]
[Date "2007.01.31"]
[Round "4.14"]
[White "De Kruif, Kees"]
[Black "Garcia, Mario"]
[Result "1-0"]
[WhiteElo "2075"]
[BlackElo "1424"]
[PlyCount "103"]
[EventDate "2007.01.28"]
[EventType "swiss"]
[EventRounds "5"]
[EventCountry "GGB"]
[SourceTitle "BritBase"]
[Source "www.saund.co.uk"]
[SourceDate "2018.02.10"]
[SourceVersion "1"]
[SourceVersionDate "2018.02.10"]
[SourceQuality "1"]

1. b4 Nf6 2. Bb2 d5 3. e3 e6 4. a3 c5 5. b5 Bd6 6. c4 Nbd7 7. Nf3 b6 8. cxd5
exd5 9. Be2 O-O 10. O-O Bb7 11. d3 Qe7 12. Nbd2 Rfe8 13. h3 d4 14. e4 Bf4 15.
Nc4 h6 16. Re1 Nh7 17. Bc1 Bc7 18. Bd2 Nhf8 19. a4 Ng6 20. Qc1 Qf6 21. Nh2 Nde5
22. Ng4 Nxg4 23. Bxg4 Ne5 24. Nxe5 Qxe5 25. g3 Qe7 26. Rf1 Bc8 27. Bxc8 Rexc8
28. Qc4 Qe6 29. Qxe6 fxe6 30. f4 Rf8 31. Kf2 g6 32. Ke2 Kg7 33. a5 h5 34. axb6
axb6 35. Ra6 Rxa6 36. bxa6 Ra8 37. Ra1 Ra7 38. Kf3 Kf6 39. g4 Bb8 40. e5+ Kg7
41. Ke4 Kf7 42. f5 hxg4 43. hxg4 exf5+ 44. gxf5 gxf5+ 45. Kxf5 Re7 46. Bf4 Ba7
47. Rh1 b5 48. Bg5 c4 49. Bxe7 Kxe7 50. Rh7+ Kd8 51. Rxa7 cxd3 52. Rh7 1-0

[Event "Gibtelecom ChallWk2 5th"]
[Site "Gibraltar"]
[Date "2007.01.31"]
[Round "4.15"]
[White "De La Rubia Ramirez, Dulce"]
[Black "Obers, Frits"]
[Result "0-1"]
[WhiteElo "1852"]
[BlackElo "2071"]
[PlyCount "58"]
[EventDate "2007.01.28"]
[EventType "swiss"]
[EventRounds "5"]
[EventCountry "GGB"]
[SourceTitle "BritBase"]
[Source "www.saund.co.uk"]
[SourceDate "2018.02.10"]
[SourceVersion "1"]
[SourceVersionDate "2018.02.10"]
[SourceQuality "1"]

1. e4 e6 2. d4 d5 3. Nc3 Nf6 4. Bg5 Bb4 5. e5 h6 6. Bd2 Bxc3 7. bxc3 Ne4 8. Qg4
g6 9. Bd3 Nxd2 10. Kxd2 c5 11. Nf3 Bd7 12. h4 Qe7 13. Rh3 Bc6 14. dxc5 Nd7 15.
Nd4 Nxe5 16. Qf4 Nd7 17. Nb3 Nxc5 18. Nxc5 Qxc5 19. Rf3 Qe7 20. Re1 Rf8 21.
Qxh6 O-O-O 22. Rb1 d4 23. Rf4 e5 24. Rg4 e4 25. Bc4 Qc5 26. Bb3 Qxc3+ 27. Kd1
e3 28. fxe3 dxe3+ 29. Ke2 Qd2+ 0-1

[Event "Gibtelecom ChallWk2 5th"]
[Site "Gibraltar"]
[Date "2007.01.31"]
[Round "4.16"]
[White "Morris-Hill, Ray"]
[Black "Norman, Dinah"]
[Result "1-0"]
[WhiteElo "1892"]
[BlackElo "2003"]
[PlyCount "107"]
[EventDate "2007.01.28"]
[EventType "swiss"]
[EventRounds "5"]
[EventCountry "GGB"]
[SourceTitle "BritBase"]
[Source "www.saund.co.uk"]
[SourceDate "2018.02.10"]
[SourceVersion "1"]
[SourceVersionDate "2018.02.10"]
[SourceQuality "1"]

1. d4 d5 2. Nf3 Nf6 3. e3 e6 4. Bd3 c5 5. b3 Nc6 6. O-O Be7 7. Bb2 cxd4 8. exd4
O-O 9. a3 b6 10. Ne5 Bb7 11. Qf3 Nxe5 12. dxe5 Ne4 13. Qh3 g6 14. Rd1 Nc5 15.
Bf1 Qc7 16. Qe3 Rfc8 17. Nd2 Bf8 18. Rac1 Nd7 19. Nf3 Bg7 20. Bd4 Nf8 21. b4
Qe7 22. c3 Rc7 23. h3 Rac8 24. Re1 Nd7 25. Ng5 h6 26. Nf3 Nf8 27. Qf4 Nd7 28.
Bd3 Nf8 29. h4 Nd7 30. Nh2 h5 31. Nf3 Nf8 32. Kh2 Nh7 33. g4 hxg4 34. Qxg4 Bc6
35. Rg1 Be8 36. Rce1 Nf8 37. h5 Rxc3 38. Bxc3 Rxc3 39. Bb1 Rxa3 40. Nh4 Rb3 41.
hxg6 fxg6 42. Rg3 Rxb4 43. f4 Rb2+ 44. Kh3 Qb4 45. Bxg6 Bxg6 46. Reg1 Qd2 47.
R1g2 Qc1 48. Rxb2 Qxb2 49. Nxg6 Qb1 50. Ne7+ Kf7 51. Qxg7+ Ke8 52. Nc6 Qh1+ 53.
Kg4 Qd1+ 54. Kg5 1-0

[Event "Gibtelecom ChallWk2 5th"]
[Site "Gibraltar"]
[Date "2007.01.31"]
[Round "4.18"]
[White "Beltran Medina, Jorge"]
[Black "Sbia, Bachir"]
[Result "1/2-1/2"]
[WhiteElo "2104"]
[BlackElo "1914"]
[PlyCount "68"]
[EventDate "2007.01.28"]
[EventType "swiss"]
[EventRounds "5"]
[EventCountry "GGB"]
[SourceTitle "BritBase"]
[Source "www.saund.co.uk"]
[SourceDate "2018.02.10"]
[SourceVersion "1"]
[SourceVersionDate "2018.02.10"]
[SourceQuality "1"]

1. d4 Nf6 2. c4 e6 3. g3 d5 4. Bg2 Be7 5. Nf3 O-O 6. O-O c6 7. Qc2 Nbd7 8. b3
Re8 9. Rd1 Bf8 10. Bb2 b6 11. Nbd2 Bb7 12. e4 dxe4 13. Nxe4 Nxe4 14. Qxe4 Nf6
15. Qc2 Qc7 16. Rac1 Be7 17. a3 Rad8 18. Re1 Qc8 19. Re2 Qa8 20. Rce1 Bf8 21.
Nh4 Nd7 22. f4 Be7 23. Nf5 Bf8 24. Nh4 Be7 25. Nf3 Bf6 26. Ne5 c5 27. Nxd7 Rxd7
28. d5 Bxb2 29. Qxb2 Red8 30. dxe6 fxe6 31. Qe5 Bxg2 32. Qxe6+ Kf8 33. Rxg2 Qf3
34. Ree2 Rd3 {remaining moves uintelligible} 1/2-1/2

[Event "Gibtelecom ChallWk2 5th"]
[Site "Gibraltar"]
[Date "2007.01.31"]
[Round "4.19"]
[White "Hauptmann, Thomas"]
[Black "Joseph, Adrian P"]
[Result "1-0"]
[WhiteElo "2046"]
[BlackElo "1672"]
[PlyCount "88"]
[EventDate "2007.01.28"]
[EventType "swiss"]
[EventRounds "5"]
[EventCountry "GGB"]
[SourceTitle "BritBase"]
[Source "www.saund.co.uk"]
[SourceDate "2018.02.10"]
[SourceVersion "1"]
[SourceVersionDate "2018.02.10"]
[SourceQuality "1"]

1. e4 Nf6 2. e5 Nd5 3. d4 d6 4. Bc4 Nb6 5. Bb3 dxe5 6. Qh5 e6 7. dxe5 Nc6 8.
Nf3 g6 9. Qh3 Bg7 10. Bf4 Nd4 11. Nc3 Nxf3+ 12. Qxf3 O-O 13. O-O Nd7 14. Rfe1
a6 15. Rad1 Qe7 16. Qg3 b5 17. Ne4 h6 18. h4 Kh7 19. c3 Rd8 20. Bc2 Nf8 21.
Rxd8 Qxd8 22. h5 Bb7 23. Qh3 Bxe4 24. Bxe4 Rb8 25. g4 f6 26. hxg6+ Nxg6 27.
exf6 Qxf6 28. Bxc7 Rc8 29. Bb6 Kg8 30. Be3 Nf4 31. Qf3 e5 32. Bxf4 exf4 33.
Bd5+ Kh8 34. Re6 Qg5 35. Rxa6 h5 36. Be6 Re8 37. Ra8 Qe7 38. Rxe8+ Qxe8 39. Bf5
h4 40. Kg2 Bf6 41. Qxf4 Kg7 42. g5 h3+ 43. Bxh3 Be5 44. Qe4 Qe7 1-0

[Event "Gibtelecom ChallWk2 5th"]
[Site "Gibraltar"]
[Date "2007.01.31"]
[Round "4.20"]
[White "Hewitt, Sean D"]
[Black "Stokes, Ivan"]
[Result "0-1"]
[WhiteElo "1712"]
[BlackElo "2044"]
[PlyCount "96"]
[EventDate "2007.01.28"]
[EventType "swiss"]
[EventRounds "5"]
[EventCountry "GGB"]
[SourceTitle "BritBase"]
[Source "www.saund.co.uk"]
[SourceDate "2018.02.10"]
[SourceVersion "1"]
[SourceVersionDate "2018.02.10"]
[SourceQuality "1"]

1. e4 c5 2. Nc3 a6 3. a4 b6 4. Bc4 e6 5. f4 Bb7 6. Nf3 d5 7. exd5 exd5 8. Qe2+
Be7 9. Ba2 Nf6 10. O-O O-O 11. d3 Nc6 12. Nd1 Re8 13. Qf2 b5 14. c3 c4 15. d4
Ne4 16. Qc2 b4 17. Bxc4 Nxd4 18. Nxd4 dxc4 19. Nf2 Bc5 20. Be3 Qd5 21. Nxe4
Rxe4 22. Rae1 Rae8 23. Rf3 Bxd4 24. cxd4 Rxd4 25. Qf2 Rde4 26. Rg3 f5 27. Bd2
Rxe1+ 28. Bxe1 a5 29. Bd2 Bc6 30. h3 Bxa4 31. Qa7 Bd7 32. Be3 g6 33. h4 c3 34.
bxc3 bxc3 35. h5 Qd1+ 36. Kh2 Qxh5+ 37. Rh3 Qd1 38. Qxa5 c2 39. Bd2 c1=Q 40.
Bxc1 Qxc1 41. Qd5+ Be6 42. Qe5 Bf7 43. Qd6 Qe1 44. Qf6 Qe7 45. Qc3 Bd5 46. Qg3
Qe2 47. Rh6 Kg7 48. Rh3 Re3 0-1

[Event "Gibtelecom ChallWk2 5th"]
[Site "Gibraltar"]
[Date "2007.01.31"]
[Round "4.21"]
[White "Pettersen, Joar Gullestad"]
[Black "Guardia Bencomo, Tomas"]
[Result "0-1"]
[WhiteElo "2032"]
[BlackElo "1900"]
[PlyCount "108"]
[EventDate "2007.01.28"]
[EventType "swiss"]
[EventRounds "5"]
[EventCountry "GGB"]
[SourceTitle "BritBase"]
[Source "www.saund.co.uk"]
[SourceDate "2018.02.10"]
[SourceVersion "1"]
[SourceVersionDate "2018.02.10"]
[SourceQuality "1"]

1. e4 c5 2. a3 d6 3. Nc3 Nf6 4. g3 Nc6 5. Bg2 e6 6. d3 Be7 7. Nf3 O-O 8. O-O
Qc7 9. Nb5 Qd8 10. c4 a6 11. Nc3 Rb8 12. a4 Qc7 13. h3 Nb4 14. Kh2 b6 15. Ng1
Nd7 16. f4 Bb7 17. Qe2 Rbe8 18. Be3 f5 19. Rad1 e5 20. Nd5 Bxd5 21. exd5 Bf6
22. Qf2 g6 23. Nf3 exf4 24. Bxf4 Rf7 25. Ng5 Bxg5 26. Bxg5 Ne5 27. Rfe1 Qd7 28.
Re3 Qxa4 29. Qe2 Nc2 30. Qd2 Nd4 31. Rf1 Qc2 32. Qc3 b5 33. Qa5 bxc4 34. Qxa6
cxd3 35. Qxd6 Qxb2 36. Bf4 Rfe7 37. Qxc5 d2 38. d6 Nef3+ 39. Rexf3 Nxf3+ 40.
Kh1 Re1 41. Qd5+ Kg7 42. Qxf3 Rxf1+ 43. Bxf1 Re1 44. Bxd2 Qxd2 45. d7 Rd1 46.
d8=Q Qxd8 47. Kh2 Qd2+ 48. Bg2 Qe1 49. h4 Qg1+ 50. Kh3 Qd4 51. Qb7+ Kh6 52. Qf7
Rd3 53. Qf8+ Kh5 54. Qb8 Qxh4# 0-1

[Event "Gibtelecom ChallWk2 5th"]
[Site "Gibraltar"]
[Date "2007.01.31"]
[Round "4.22"]
[White "Dennis, Nigel W"]
[Black "Manetto, Luis"]
[Result "1-0"]
[WhiteElo "1998"]
[BlackElo "1568"]
[PlyCount "71"]
[EventDate "2007.01.28"]
[EventType "swiss"]
[EventRounds "5"]
[EventCountry "GGB"]
[SourceTitle "BritBase"]
[Source "www.saund.co.uk"]
[SourceDate "2018.02.10"]
[SourceVersion "1"]
[SourceVersionDate "2018.02.10"]
[SourceQuality "1"]

1. e4 c5 2. Nf3 d6 3. d4 cxd4 4. Nxd4 Nf6 5. Nc3 a6 6. Be2 e5 7. Nb3 Be7 8. O-O
O-O 9. f4 Qc7 10. Be3 Be6 11. Nd5 Bxd5 12. exd5 Nbd7 13. c4 Rac8 14. Rc1 Nc5
15. Nxc5 dxc5 16. fxe5 Qxe5 17. Bf4 Qxb2 18. Rb1 Qd4+ 19. Qxd4 cxd4 20. d6 Bd8
21. Rxb7 Re8 22. Bd3 g5 23. Bxg5 Nd7 24. Bh6 Re6 25. Rxd7 Rxh6 26. Rfxf7 Bf6
27. Rc7 Rd8 28. c5 Be5 29. h3 a5 30. Bxh7+ Rxh7 31. Rxh7 d3 32. Rhf7 Rf8 33.
Rxf8+ Kxf8 34. Rc8+ Kf7 35. d7 Bf6 36. d8=Q 1-0

[Event "Gibtelecom ChallWk2 5th"]
[Site "Gibraltar"]
[Date "2007.01.31"]
[Round "4.23"]
[White "Millward, Kevin"]
[Black "Perez Romero, Carlos"]
[Result "0-1"]
[WhiteElo "1744"]
[BlackElo "2019"]
[PlyCount "146"]
[EventDate "2007.01.28"]
[EventType "swiss"]
[EventRounds "5"]
[EventCountry "GGB"]
[SourceTitle "BritBase"]
[Source "www.saund.co.uk"]
[SourceDate "2018.02.10"]
[SourceVersion "1"]
[SourceVersionDate "2018.02.10"]
[SourceQuality "1"]

1. e4 c5 2. Nc3 Nc6 3. g3 g6 4. Bg2 Bg7 5. d3 Rb8 6. Be3 d6 7. Qd2 b5 8. f4 b4
9. Nd1 Qc7 10. Nf3 Bg4 11. O-O Nd4 12. h3 Bxf3 13. Bxf3 Nxf3+ 14. Rxf3 Qd7 15.
Kg2 h5 16. Qf2 Nh6 17. Qd2 f5 18. a3 O-O 19. axb4 Rxb4 20. e5 Ra4 21. Rxa4 Qxa4
22. Nc3 Qb4 23. Nd5 Qb7 24. c4 Nf7 25. b4 cxb4 26. Qxb4 Qxb4 27. Nxb4 dxe5 28.
Nc6 a6 29. Nxe7+ Kh7 30. c5 Re8 31. Nc6 exf4 32. gxf4 Rc8 33. Ne7 Rc7 34. Nd5
Rd7 35. Nb4 a5 36. c6 Rc7 37. Bb6 Rc8 38. Bxa5 Bc3 39. Re3 Bxb4 40. Bxb4 Rxc6
41. Re7 Kg8 42. d4 Nd6 43. Re6 Rc2+ 44. Kf3 Ne4 45. Rxg6+ Kf7 46. Rh6 Rb2 47.
Bd6 Rb6 48. Bf8 Rb3+ 49. Kg2 Kxf8 50. Rxh5 Rb5 51. Rh6 Rd5 52. Ra6 Kf7 53. Ra4
Nc3 54. Rc4 Ne2 55. Kf3 Nxd4+ 56. Ke3 Ne6 57. h4 Rd1 58. Kf3 Rh1 59. Kg3 Rg1+
60. Kh2 Rg4 61. Ra4 Rxh4+ 62. Kg3 Rg4+ 63. Kf3 Kf6 64. Rb4 Rg1 65. Kf2 Rd1 66.
Ke3 Rd6 67. Ra4 Nc5 68. Rc4 Re6+ 69. Kf3 Ne4 70. Rc1 Rd6 71. Ke3 Ra6 72. Rg1
Ra3+ 73. Kd4 Ke6 0-1

[Event "Gibtelecom ChallWk2 5th"]
[Site "Gibraltar"]
[Date "2007.01.31"]
[Round "4.24"]
[White "Mayers, Dan"]
[Black "Feeney, James"]
[Result "1-0"]
[WhiteElo "1965"]
[BlackElo "1104"]
[PlyCount "36"]
[EventDate "2007.01.28"]
[EventType "swiss"]
[EventRounds "5"]
[EventCountry "GGB"]
[SourceTitle "BritBase"]
[Source "www.saund.co.uk"]
[SourceDate "2018.02.10"]
[SourceVersion "1"]
[SourceVersionDate "2018.02.10"]
[SourceQuality "1"]

1. e4 e5 2. f4 d5 3. exd5 e4 4. d3 Nf6 5. Nc3 Bb4 6. Bd2 Bf5 7. dxe4 Bxe4 8.
Nxe4 Bxd2+ 9. Nxd2 O-O 10. c4 Re8+ 11. Be2 Ne4 12. Ngf3 c6 13. Nxe4 Rxe4 14.
Qd3 cxd5 15. Ng5 Qa5+ 16. Kf1 Rxf4+ 17. Bf3 f5 18. g3 dxc4 1-0

[Event "Gibtelecom ChallWk2 5th"]
[Site "Gibraltar"]
[Date "2007.02.01"]
[Round "5"]
[White "Andreassen, Lars"]
[Black "Nemcova, Katerina"]
[Result "1-0"]
[WhiteElo "2160"]
[BlackElo "2147"]
[PlyCount "73"]
[EventDate "2007.01.28"]
[EventType "swiss"]
[EventRounds "5"]
[EventCountry "GGB"]
[SourceTitle "BritBase"]
[Source "www.saund.co.uk"]
[SourceDate "2018.02.10"]
[SourceVersion "1"]
[SourceVersionDate "2018.02.10"]
[SourceQuality "1"]

1. d4 Nf6 2. c4 g6 3. Nf3 Bg7 4. g3 O-O 5. Bg2 d6 6. O-O c6 7. Nc3 Qa5 8. h3
Be6 9. d5 cxd5 10. Nd4 dxc4 11. Nxe6 fxe6 12. Bxb7 Na6 13. Bxa8 Rxa8 14. Qa4
Qb6 15. Qxc4 Nc7 16. Be3 Qb7 17. Rab1 Rc8 18. Qa4 a6 19. Rfc1 Kf7 20. b4 e5 21.
b5 Nxb5 22. Nxb5 Rxc1+ 23. Bxc1 axb5 24. Qxb5 Qc8 25. Kh2 h5 26. a4 Qf5 27. f3
g5 28. g4 hxg4 29. hxg4 Qg6 30. Be3 d5 31. Kg2 e4 32. a5 exf3+ 33. exf3 Qc2+
34. Bf2 e5 35. Qb2 Qa4 36. Qxe5 Qxa5 37. Rb7+ 1-0